000 00466nam a2200157 i 4500
001 71517
003 ES-MaACL
005 20230906171143.0
007 t|
008 040812s1965 sp ||||1| spa d
100 1 _aGenis Gálvez, José María.
_956321
245 1 0 _aElementos de Embriología /
_cJosé Mª Genis Gálvez.
260 _aSalamanca :
_b[s.n.,
_c1965] (
_fGráf. Cervantes)
300 _a152 p. :
_bil. ;
_c22 cm.
852 _aES-MaACL
_jC-27443
_bR.56080
999 _c71517
_d71517